[Event "301st YMCA Spring B"]
[Site "Warsaw"]
[Date "2025.06.20"]
[Round "10"]
[White "Pietrzak, Wojciech"]
[Black "Zajaczkowski, Lukasz"]
[Result "1/2-1/2"]
[WhiteElo "1849"]
[BlackElo "1750"]
[PlyCount "91"]
[EventDate "2025.04.24"]
[EventType "tourn"]
[EventRounds "1"]
[EventCountry "POL"]
[SourceDate "2025.04.24"]

1. e4 c5 2. Nf3 e6 3. d4 cxd4 4. Nxd4 a6 5. Bd3 Nc6 6. Be3 Nf6 7. O-O Qc7 8.
Nxc6 dxc6 9. c4 Nd7 10. Nc3 Bc5 11. Re1 Bxe3 12. Rxe3 e5 13. b4 Nf8 14. c5 Ne6
15. Bc4 Nd4 16. f4 Be6 17. Bxe6 Nxe6 18. f5 Nd4 19. Na4 f6 20. Nb6 Rd8 21. Rd3
g6 22. Nc4 Rd7 23. fxg6 hxg6 24. Qg4 Kf7 25. Rf1 Kg7 26. Rg3 Rh6 27. a3 Rd8 28.
Rd1 Qd7 29. Nd6 Qxg4 30. Rxg4 Rxd6 31. cxd6 Rh8 32. h4 Rd8 33. Kf2 Rxd6 34. Rd3
Kh6 35. Rdg3 f5 36. exf5 Nxf5 37. Rf3 Rd2+ 38. Kg1 Rd5 39. Re4 a5 40. bxa5 Rxa5
41. Rb4 Nd4 42. Rd3 b5 43. Kf2 c5 44. Rb2 c4 45. Re3 Kg7 46. g4 $11 1/2-1/2

[Event "301st YMCA Spring B"]
[Site "Warsaw"]
[Date "2025.06.17"]
[Round "10"]
[White "Kurowski, Andrzej"]
[Black "Pichurko, Jakub"]
[Result "1/2-1/2"]
[WhiteElo "1763"]
[BlackElo "1726"]
[PlyCount "47"]
[EventDate "2025.04.24"]
[EventType "tourn"]
[EventRounds "1"]
[EventCountry "POL"]
[SourceDate "2025.04.24"]

1. d4 Nf6 2. c4 e6 3. Nf3 b6 4. g3 Bb7 5. Bg2 Be7 6. O-O O-O 7. d5 exd5 8. Nh4
c6 9. cxd5 Nxd5 10. Nf5 Nf6 11. Nc3 d5 12. e4 Nxe4 13. Nxe4 dxe4 14. Bxe4 Nd7
$11 15. Qg4 Bf6 16. Rd1 Ne5 17. Qe2 Qc7 18. Bf4 Bc8 19. Nd4 Bb7 20. Rac1 Rae8
21. Bxc6 Qe7 22. Nf5 Qe6 23. Nd4 Qe7 24. Nf5 $11 1/2-1/2

[Event "301st YMCA Spring B"]
[Site "Warsaw"]
[Date "2025.06.20"]
[Round "10"]
[White "Kepa, Wojciech"]
[Black "Kasperski, Marcin"]
[Result "1-0"]
[WhiteElo "1760"]
[BlackElo "1707"]
[PlyCount "119"]
[EventDate "2025.04.24"]
[EventType "tourn"]
[EventRounds "1"]
[EventCountry "POL"]
[SourceDate "2025.04.24"]

1. d4 Nf6 2. c4 g6 3. Nc3 d5 4. cxd5 Nxd5 5. e4 Nxc3 6. bxc3 Bg7 7. Nf3 c5 8.
Bb5+ Bd7 9. Rb1 O-O 10. O-O Bg4 11. Be3 Nc6 12. Bxc6 bxc6 13. Qa4 Bxf3 14. gxf3
Qc7 15. Qc4 cxd4 16. cxd4 Rfc8 17. Rfc1 Qd7 18. Kg2 e5 19. Rb4 exd4 20. Bxd4 c5
21. Bxc5 a5 22. Qb5 Qd2 23. Rbc4 Qxa2 24. R1c2 Qa1 25. Bd4 Rxc4 26. Bxg7 Qxg7
27. Rxc4 Qf6 28. Ra4 Qa6 29. Qd5 Qa7 30. h3 Kg7 31. Qe5+ Kg8 32. Qd5 Qa6 33. f4
Ra7 34. Qc5 Qb7 35. f3 Ra6 36. Rxa5 Rc6 37. Rb5 Qc7 38. Rb8+ Qxb8 39. Qxc6 Qxf4
40. Qd7 h5 41. Qc8+ Kh7 42. Qd7 h4 43. Qg4 Qxg4+ 44. fxg4 f6 45. g5 f5 46. Kf3
Kg7 47. Kf4 fxe4 48. Kxe4 Kf7 49. Kd5 Ke7 50. Ke5 Kf7 51. Kd6 Kg7 52. Ke7 Kh8
53. Kf8 Kh7 54. Kf7 Kh8 55. Kf8 Kh7 56. Kf7 Kh8 57. Kxg6 Kg8 58. Kh6 Kh8 59. g6
Kg8 60. g7 1-0

[Event "301st YMCA Spring B"]
[Site "Warsaw"]
[Date "2025.06.26"]
[Round "11"]
[White "Pichurko, Jakub"]
[Black "Kepa, Wojciech"]
[Result "1-0"]
[WhiteElo "1726"]
[BlackElo "1760"]
[PlyCount "81"]
[EventDate "2025.04.24"]
[EventType "tourn"]
[EventRounds "1"]
[EventCountry "POL"]
[SourceDate "2025.04.24"]

1. d4 Nf6 2. Nf3 e6 3. e3 d5 4. Bd3 c5 5. b3 Nc6 6. O-O Bd6 7. Bb2 Qe7 8. Ne5
O-O 9. a3 cxd4 10. exd4 Qc7 11. f4 Ne7 12. Nd2 b6 13. Qe2 Bb7 14. Rf3 Rac8 15.
Rc1 Ng6 16. h3 Rce8 17. Kh2 Nd7 18. g3 Bxe5 19. fxe5 f5 20. Rcf1 a6 21. a4 Rf7
22. R3f2 a5 23. Nf3 Ndf8 24. Ng5 Rd7 25. h4 h6 26. Nh3 Kh7 27. Qh5 Ree7 28. Ba3
Qc3 29. Bxe7 Rxe7 30. g4 Qxd4 31. gxf5 Qxe5+ 32. Nf4 exf5 33. Bxf5 Rf7 34.
Bxg6+ Nxg6 35. Qxg6+ Kg8 36. Qe6 Qc7 37. Kg1 d4 38. Ng2 Bxg2 39. Rxf7 Bd5 40.
Qe8+ Kh7 41. Rxc7 1-0

[Event "301st YMCA Spring B"]
[Site "Warsaw"]
[Date "2025.06.27"]
[Round "11"]
[White "Emmel, Bartosz"]
[Black "Pietrzak, Wojciech"]
[Result "0-1"]
[WhiteElo "1815"]
[BlackElo "1849"]
[PlyCount "70"]
[EventDate "2025.04.24"]
[EventType "tourn"]
[EventRounds "1"]
[EventCountry "POL"]
[SourceDate "2025.04.24"]

1. Nf3 Nf6 2. g3 e6 3. Bg2 d5 4. O-O Bd6 5. c4 O-O 6. Nc3 Nc6 7. d4 h6 8. Re1
dxc4 9. e4 e5 10. dxe5 Bxe5 11. Qa4 Bxc3 12. bxc3 Be6 13. Rd1 Qc8 14. Nd4 Ne5
15. f4 Bd7 16. Qb4 c5 17. Qa5 Nd3 18. Nc2 b6 19. Qa3 Bc6 20. Ne3 Bxe4 21. Bxe4
Nxe4 22. Nxc4 Qe6 23. Nb2 Ndf2 24. Re1 Qh3 25. Nc4 Ng4 26. Re2 Nxg3 27. Rg2
Nxh2 28. Ne5 Rae8 29. c4 Rxe5 30. fxe5 Ne2+ 31. Rxe2 Qf1+ 32. Kxh2 Qxe2+ 33.
Kg1 Rd8 34. Bf4 Rd3 35. Qc1 g5 0-1

[Event "301st YMCA Spring B"]
[Site "Warsaw"]
[Date "2025.06.25"]
[Round "11"]
[White "Kania, Tomasz"]
[Black "Sucharski, Jakub"]
[Result "0-1"]
[WhiteElo "1787"]
[BlackElo "1786"]
[PlyCount "100"]
[EventDate "2025.04.24"]
[EventType "tourn"]
[EventRounds "1"]
[EventCountry "POL"]
[SourceDate "2025.04.24"]

1. e4 c5 2. Nf3 e6 3. g3 Nc6 4. Bg2 Nf6 5. Qe2 d6 6. O-O Be7 7. Rd1 e5 8. c3
Bg4 9. d3 O-O 10. Nbd2 Qd7 11. Nf1 Ne8 12. Ne3 Bh5 13. h3 Nc7 14. g4 Bg6 15.
Ne1 Bg5 16. N1c2 Ne6 17. Nd5 Bxc1 18. Raxc1 f6 19. Nce3 Bf7 20. Qf3 Ned4 21.
Nxf6+ gxf6 22. cxd4 Nxd4 23. Qxf6 Bg6 24. Nd5 Rf7 25. Rd2 Raf8 26. Qh4 Qa4 27.
b3 Qa5 28. Rcd1 b5 29. g5 Qd8 30. Qg3 Kh8 31. Rf1 Bh5 32. f4 Ne2+ 33. Rxe2 Bxe2
34. Rf2 exf4 35. Rxf4 Bh5 36. Nf6 Bg6 37. Qf3 Kg7 38. Kf2 Rxf6 39. gxf6+ Rxf6
40. Ke3 Rxf4 41. Qxf4 Qf6 42. Qxf6+ Kxf6 43. d4 a5 44. dxc5 dxc5 45. Kf4 b4 46.
Bf1 Bf7 47. Bd3 a4 48. Bc2 a3 49. e5+ Ke7 50. Bxh7 Bxb3 0-1